000 00313nam a22001337a 4500
008 190205b xxu||||| |||| 00| 0 eng d
020 _a394002451
041 _aeng
080 _23rd
_a940
100 _a17
101 _aSHH
245 _aA Short History of Western Civilization
_cHarrison,J.B
942 _2udc
_cBK
999 _c54037
_d54037